Szczegóły MARC21

Odmowa udostępnienia informacji o środowisku i jego ochronie /

003 -Nazwa inst., której nr kontr. jest w polu 001 [,]
    • @
    • Nazwa instytucji, której n kontrolny jest w polu 001
    • NUKAT
005 -DATA I CZAS OSTATNIEJ MODYFIKACJI [,]
    • @
    • pole kontrolne
    • 20241231100126.0
020 -Międzynarod. znormalizowany nr książki - ISBN [ , ]
    • a
    • Numer ISBN
    • 9788381980869 Find
020 -Międzynarod. znormalizowany nr książki - ISBN [ , ]
    • a
    • Numer ISBN
    • 9788381980876 Find
    • q
    • Dopowiedzenie
    • e-book
040 -Instytucja sporządzająca opis [ , ]
    • a
    • Instytucja, która sporządziła opis (NP)
    • Ł U/AC
    • b
    • Język katalogowania
    • pol
    • e
    • Zasady katalogowania
    • rda
    • c
    • Instytucja, która sporządziła rekord (NP)
    • Ł U/AC
    • d
    • Instytucja, która zmodyfikowała rekord (P)
    • Ł U/AC
    • d
    • Instytucja, która zmodyfikowała rekord (P)
    • Ł U/JSs
    • d
    • Instytucja, która zmodyfikowała rekord (P)
    • TOR U/WS
    • d
    • Instytucja, która zmodyfikowała rekord (P)
    • SZCZ U/AB
942 -Rodzaj dokumentu [ , ]
    • c
    • Rodzaj dokumentu
    • Książka
100 -Hasło główne - nazwa osobowa [1, ]
    • a
    • Nazwa osobowa (NP)
    • Haładyj, Anna
    • d
    • Daty biograficzne (NP)
    • (1977- ).
    • e
    • Rodzaj współpracy
    • Autor
    • 9
    • KHW
    • 22756
245 -Strefa tytułu i oznaczenia odpowiedzialności [1,0]
    • a
    • Tytuł
    • Odmowa udostępnienia informacji o środowisku i jego ochronie / Find
    • c
    • Pozostałe elementy strefy tytułu i oznaczenia odpowiedzialności (NP)
    • Anna Haładyj.
260 -Strefa adresu wydawniczego [ , ]
    • a
    • Miejsce wydania (P)
    • Warszawa :
    • b
    • Nazwa wydawcy (P)
    • Wydawnictwo C. H. Beck,
    • c
    • Data wydania (P)
    • 2019.
300 -Strefa opisu fizycznego [ , ]
    • a
    • Określenie formy książki i/lub objętość (NP)
    • XLIV, 141 stron ;
    • c
    • Format (NP)
    • 21 cm.
336 -Typ zawartości [ , ]
    • a
    • Termin opisujący typ zawartości
    • Tekst
    • b
    • Kod określający zawartość
    • txt
    • 2
    • Źródło (terminu i kodu)
    • rdacontent
337 -Typ mediów [ , ]
    • a
    • Tryb odtwarzania
    • Bez urządzenia pośredniczącego
    • b
    • Kod typu mediów
    • n
    • 2
    • Źródło (terminu i kodu)
    • rdamedia
338 -Typ/rodzaj nośnika [ , ]
    • a
    • Hasło opisujące typ nośnika
    • Wolumin
    • b
    • Kod typu nośnika
    • nc
    • 2
    • Źródło (terminu i kodu)
    • rdacarrier
490 -Strefa serii i książki wielotomowej - forma nie do wyszukiwania [1, ]
    • a
    • Tytuł (P)
    • Monografie Prawnicze Find
830 -Hasło dodatkowe serii i opisu książki wielotomowej - tytuł ujednolicony/tytuł [ ,0]
    • a
    • Tytuł ujednolicony/tytuł (NP)
    • Monografie Prawnicze
    • 9
    • KHW
    • 799
500 -Uwaga ogólna [ , ]
    • a
    • Uwaga ogólna (NP)
    • Wykaz orzecznictwa na stronach XXXVII-XLI.
504 -Uwaga dot. bibliogr. załącznikowej [ , ]
    • a
    • Uwaga dot. bibliografii załącznikowej
    • Bibliografia na stronach XXV-XXXVI. Indeks.
530 -Uwaga dot. innej postaci fizycznej dokumentu [ , ]
    • a
    • Uwaga dot. innej postaci fizycznej dokumentu
    • Dostępne również w postaci elektronicznej.
536 -Uwaga dot. finansowania książki [ , ]
    • a
    • Tekst uwagi
    • Publikacja dofinansowana przez Katolicki Uniwersytet Lubelski Jana Pawła II
650 -Hasło przedmiotowe [ ,7]
    • a
    • Hasło przedmiotowe
    • Środowisko
    • x
    • Określnik rzeczowy
    • prawo
    • z
    • Określnik geograficzny
    • Polska
    • y
    • Określnik chronologiczny
    • 1990-.
    • 2
    • Źródło terminu
    • kaba
    • 9
    • KHW
    • 360730
650 -Hasło przedmiotowe [ ,7]
    • a
    • Hasło przedmiotowe
    • Wolność informacji
    • z
    • Określnik geograficzny
    • Polska
    • y
    • Określnik chronologiczny
    • 1990-.
    • 2
    • Źródło terminu
    • kaba
    • 9
    • KHW
    • 370702
650 -Hasło przedmiotowe [ ,7]
    • a
    • Hasło przedmiotowe
    • Środowisko
    • x
    • Określnik rzeczowy
    • prawo
    • z
    • Określnik geograficzny
    • Polska
    • y
    • Określnik chronologiczny
    • 1990-
    • v
    • Określnik formalny
    • orzecznictwo.
    • 2
    • Źródło terminu
    • kaba
    • 9
    • KHW
    • 566686
650 -Hasło przedmiotowe [ ,7]
    • a
    • Hasło przedmiotowe
    • Wolność informacji
    • z
    • Określnik geograficzny
    • Polska
    • v
    • Określnik formalny
    • orzecznictwo.
    • 2
    • Źródło terminu
    • kaba
    • 9
    • KHW
    • 566685
710 -Hasło dodatkowe - nazwa ciała zbiorowego [2, ]
    • a
    • Nazwa ciała zbiorowego lub nazwa geograficzna jako pierwszy element (NP)
    • Wydawnictwo C.H. Beck.
    • e
    • Rodzaj współpracy
    • Wydawca
    • 4
    • Kod relacji
    • pbl
    • 9
    • KHW
    • 52679
856 -Dostęp do wersji elektronicznej [4,1]
    • z
    • Uwaga
    • Dostęp dla autoryzowanych użytkowników
920 -ISBN [ , ]
    • a
    • ISBN
    • 978-83-8198-086-9 Find
920 -ISBN [ , ]
    • a
    • ISBN
    • 978-83-8198-087-6 Find
    • q
    • Dopowiedzenie
    • e-book
Numer inwentarzowy Lokalizacja Status udost. Sygnatura Data inwentaryzacji
SA.25339BSA1SA.253392020-12-02